Countries With the Most Victims to Influenza - Statistics

General Stats
  • This quiz has been taken 12 times
  • The average score is 9 of 12
Answer Stats
Estimated Death Toll Country % Correct
9,500,000 China
100%
675,000 United States
100%
500,000 Mexico
91%
426,600 Germany
82%
12,000,000 India
82%
544,300 Italy
82%
450,000 Russia
82%
252,100 Spain
82%
390,000 Japan
73%
1,500,000 Indonesia
64%
300,000 Poland
55%
300,000 South Africa
55%
No matching quizzes found
Score Distribution
Percent of People with Each Score
Percentile by Number Answered
Your Score History
You have not taken this quiz